Mitglieder des Hohen Rats der Jedi - Statistiken

Allgemein
  • Dieses Quiz wurde 136 mal gespielt
  • Das Durchschnittsergebnis liegt bei 20 aus 37
Antwortstatistiken
Episode Mitglied Schicksal % Korrekt
Episode III Obi-Wan Kenobi Geht ins Exil nach Tatooine
100%
Episode I Yoda /
100%
Episode II Yoda /
100%
Episode III Yoda Geht ins Exil nach Dagobah
100%
Episode I Mace Windu /
98%
Episode II Mace Windu /
98%
Episode III Mace Windu Von Darth Sidious auf Coruscant getötet
98%
Episode III Anakin Skywalker Verfällt der dunklen Seite
86%
Episode III Kit Fisto Von Darth Sidious auf Coruscant getötet
86%
Episode I Plo Koon /
82%
Episode II Plo Koon /
82%
Episode III Plo Koon Während der Order 66 auf Cato Neimoidia getötet
82%
Episode I Ki-Adi Mundi /
80%
Episode II Ki-Adi Mundi /
80%
Episode III Ki-Adi Mundi Während der Order 66 auf Mygeeto getötet
80%
Episode I Yaddle Gibt ihren Posten auf, kurz darauf von Count Dooku getötet
59%
Episode II Shaak Ti /
51%
Episode III Shaak Ti Während der Order 66 von Darth Vader auf Coruscant getötet
51%
Episode I Adi Gallia /
37%
Episode II Adi Gallia Von Savage Opress auf Florrum getötet
37%
Episode I Eeth Koth /
34%
Episode II Eeth Koth Erzwungener Austritt aus dem Jedi-Orden
34%
Episode I Saesee Tiin /
32%
Episode II Saesee Tiin /
32%
Episode III Saesee Tiin Von Darth Sidious auf Coruscant getötet
32%
Episode I Even Piell /
30%
Episode II Even Piell Auf Lola Sayu von Anoobas getötet
30%
Episode III Agen Kolar Von Darth Sidious auf Coruscant getötet
27%
Episode II Coleman Trebor Von Jango Fett auf Geonosis getötet
27%
Episode III Stass Allie Während der Order 66 auf Saleucami getötet
22%
Episode I Oppo Rancisis /
21%
Episode II Oppo Rancisis Unbekannter Grund
21%
Episode I Yarael Poof Stirbt auf einer Mission
19%
Episode I Depa Billaba /
17%
Episode II Depa Billaba /
17%
Episode III Depa Billaba Während der Order 66 auf Kaller getötet
17%
Episode III Coleman Kcaj Geht ins Exil an einem unbekannten Ort
10%
Keine übereinstimmenden Quizze gefunden
Verteilung der Resultate
Anzahl Personen mit jedem Resultat
Perzentil nach korrekt beantworteten Fragen
Ihre Resultats-Entwicklung
Sie haben dieses Quiz noch nicht gespielt